[Event "Titled Tuesday intern op 25th Mar Early"]
[Site "Chess.com INT"]
[Date "2025.03.25"]
[Round "2"]
[White "Ponizil, Cyril"]
[Black "Vachier Lagrave, Maxime"]
[Result "0-1"]
[WhiteElo "2450"]
[BlackElo "2725"]
[PlyCount "138"]
[EventDate "2025.03.25"]
[EventType "swiss (blitz)"]
[EventRounds "11"]
[EventCountry "USA"]
[SourceTitle "CB14_2025"]
[SourceDate "2024.11.01"]
[SourceVersion "1"]
[SourceVersionDate "2024.11.01"]
[SourceQuality "1"]

1. e4 c6 2. d3 d5 3. Nf3 Qc7 4. Be2 g6 5. 0-0 Bg7 6. Re1 Bg4 7. h3 Bxf3 8. Bxf3 dxe4 9. dxe4 Nd7 10. c3 Ngf6 11. Qc2 0-0 12. Be2 Ne8 13. Bf1 Nd6 14. Nd2 Rad8 15. Nc4 b5 16. Nxd6 exd6 17. a4 a6 18. Bg5 Bf6 19. Bf4 Rfe8 20. Rad1 Be5 21. Bg5 Rb8 22. b4 Nb6 23. a5 Na4 24. Rd3 c5 25. Rc1 Rbc8 26. Qd2 Re6 27. f4 Bg7 28. f5 Rxe4 29. Rxd6 Bxc3 30. Rxc3 Nxc3 31. Bf6 cxb4 32. Qh6 Ne2+ 33. Bxe2 Qc5+ 34. Kh1 Qc1+ 35. Qxc1 Rxc1+ 36. Kh2 Rc8 37. Bf3 Re3 38. Rxa6 Ra3 39. Bb7 Rb8 40. Be5 Re8 41. Bd6 Ra4 42. f6 b3 43. Be5 h5 44. Bb2 Ra2 45. Bc6 Rb8 46. Be5 b2 47. Be4 Re8 48. Bb1 Ra1 49. Bxb2 Rxb1 50. Bd4 Rb4 51. Bc5 Ra4 52. Be7 b4 53. Rb6 Rxa5 54. Rxb4 Raa8 55. Rb6 Reb8 56. Rd6 Kh7 57. Rd3 g5 58. Rd7 Kg6 59. Rd3 h4 60. Rd4 Ra2 61. Rg4 Rba8 62. Bd6 R8a4 63. Rxa4 Rxa4 64. Be7 Kf5 65. Kg1 Ra2 66. Kf1 Rd2 67. Kg1 Kf4 68. Bc5 Kg3 69. Kf1 Rxg2 0-1

[Event "Titled Tuesday intern op 25th Mar Early"]
[Site "Chess.com INT"]
[Date "2025.03.25"]
[Round "8"]
[White "Sindarov, Javokhir"]
[Black "Vachier Lagrave, Maxime"]
[Result "1/2-1/2"]
[WhiteElo "2707"]
[BlackElo "2725"]
[PlyCount "67"]
[EventDate "2025.03.25"]
[EventType "swiss (blitz)"]
[EventRounds "11"]
[EventCountry "USA"]
[SourceTitle "CB14_2025"]
[SourceDate "2024.11.01"]
[SourceVersion "1"]
[SourceVersionDate "2024.11.01"]
[SourceQuality "1"]

1. e4 c5 2. Nf3 d6 3. d4 cxd4 4. Nxd4 Nf6 5. Bd3 g6 6. h3 Bg7 7. c4 Nc6 8. Be3 Ng4 9. hxg4 Bxd4 10. Bxd4 Nxd4 11. Nc3 Qa5 12. f3 Be6 13. Rc1 Rc8 14. Qd2 h5 15. Nd5 Qxd2+ 16. Kxd2 Kd7 17. gxh5 gxh5 18. Nf4 h4 19. Rh2 h3 20. Ke3 hxg2 21. Rxg2 Nc6 22. b3 Ne5 23. Rcg1 Rh4 24. Be2 Nc6 25. Rd1 b6 26. Bd3 Rch8 27. Rdg1 Rh1 28. Be2 Rxg1 29. Rxg1 Rh2 30. Rb1 Nb4 31. a3 Nc6 32. b4 Ne5 33. Rc1 Kd8 34. c5 1/2-1/2